00624nam a2200181Ia 4500008004100000020001800041041000800059082001600067100002100083245007400104250000600178260004700184300001700231440000600248650004100254999001900295952012800314210716s2001 xx 000 0 und d a9780521670524 aeng a005.82 GOLO aGoldreich, Oded. aFoundations of cryptography: basic applications.bBasic applications. a1 aNew YorkbCambridge University Pressc2001 axxii,373-798 vI aCryptography-Data encryption(005.82) c191434d191434 001040708MCAaAIMITbAIMITeCurrent Booksg495.00l0o005.82 GOLOpMCA10942r2026-05-23 00:00:00v366.30w2021-07-16yBK